Detalles MARC
| 000 -CABECERA |
| fixed length control field |
00989nam a22002897a 4500 |
| 003 - CONTROL NUMBER IDENTIFIER |
| control field |
AR-BeUNQ |
| 005 - FECHA Y HORA DE LA ULTIMA TRANSACCION |
| control field |
20251030173426.0 |
| 008 - ELEMENTOS DE LONGITUD FIJA-INFORMACION GENERAL |
| fixed length control field |
180209b xxu||||| |||| 00| 0 spa d |
| 020 ## - NUMERO INTERNACIONAL NORMALIZADO PARA LIBROS |
| Número Internacional Normalizado del libro |
9875502375 |
| 040 ## - FUENTE DE CATALOGACION |
| Agencia de catalogación original |
AR-BeUNQ |
| Idioma de catalogación |
ESPAÑOL |
| Convenciones de la descripción |
aacr |
| Agencia que realiza la transcripción |
AR-BeUNQ |
| 082 04 - NUMERO DE CLASIFICACION DECIMAL DEWEYMBER |
| Número de clasificación |
907 |
| Número de la edición |
21 |
| 100 1# - ASIENTO PRINCIPAL-NOMBRE PERSONAL |
| Nombre personal |
Lettieri, Alberto |
| Término relacionador |
aut |
| 245 10 - MENCION DE TITULO |
| Título |
Historia 2 : |
| Otra información sobre el título |
El afiazamiento del capitalismo (1820-1880) |
| Mención de responsabilidad, etc |
Alberto Lettieri y Laura Garbarini |
| 250 ## - MENCION DE EDICION |
| Mención de edición |
1a. ed. |
| 260 ## - PUBLICACION, DISTRIBUCION, ETC. |
| Lugar de publicación, distribución, etc. |
Buenos Aires : |
| Nombre del editor, distribuidor, etc. |
Longseller, |
| Fecha de publicación, distribución, etc |
2002 |
| 300 ## - DESCRIPCION FISICA |
| Extensión |
96 p. : |
| Otros detalles físicos |
il.; |
| Dimensiones |
28 cm |
| 490 1# - MENCION DE SERIE |
| Mención de serie |
Libros Temáticos |
| Designación numérica/secuencial del volumen |
2 |
| 500 ## - NOTA GENERAL |
| Nota general |
incluye índice, Actividades, Guías de profundización, Guía de estudios con cada capitulo. |
| 504 ## - NOTA DE BIBLIOGRAFIA, ETC. |
| Nota de bibliografía, etc. |
incluye la bibliografía general y de enciclopedias |
| 521 ## - NOTA DE AUDIENCIA |
| Nota de audiencia |
alumnos de educación secudaria |
| 650 07 - ASIENTO SECUNDARIO DE MATERIA - TERMINO TEMATICO |
| Término temático o nombre geográfico como elemento de entrada |
Historia |
| Fuente del encabezamiento o términ |
tell |
| 650 07 - ASIENTO SECUNDARIO DE MATERIA - TERMINO TEMATICO |
| Término temático o nombre geográfico como elemento de entrada |
Enseñanza |
| Fuente del encabezamiento o términ |
tell |
| 651 #7 - ASIENTO SECUNDARIO DE MATERIA - NOMBRE GEOGRAFICO |
| Nombre geográfico |
Argentina |
| Fuente del encabezamiento o término |
Spines |
| 700 1# - ASIENTO SECUNDARIO - NOMBRE DE PERSONA |
| Personal name |
Garbarini, Laura |
| Titles and other words associated with a name |
coaut, |
| 929 ## - DATOS DE ADQUISICION |
| Procedencia |
DONACION |
| Fecha de recibido |
201217 |
| Número de inventario |
56534 |
| Patrimonio UNQ |
PAT0081508 |
| 942 ## - ELEMENTOS DE PUNTO DE ACCESO ADICIONAL (KOHA) |
| Tipo de ítem Koha |
Libros |
| Suppress in OPAC |
0 |